Французькі запозичення в англійській мові (Запис № 281885)
[ простий вигляд ]
| 000 -LEADER | |
|---|---|
| fixed length control field | 01921nam a22001577a 4500 |
| 041 ## - LANGUAGE CODE | |
| Language code of text/sound track or separate title | ukr |
| 080 ## - UNIVERSAL DECIMAL CLASSIFICATION NUMBER | |
| Universal Decimal Classification number | 09 |
| 090 ## - LOCALLY ASSIGNED LC-TYPE CALL NUMBER (OCLC); LOCAL CALL NUMBER (OCLC) | |
| Local cutter number (OCLC) ; Book number/undivided call number, CALL (RLIN) | ГРИ |
| 100 ## - MAIN ENTRY--PERSONAL NAME | |
| Personal name | Гринчевська І. М. |
| 245 ## - TITLE STATEMENT | |
| Title | Французькі запозичення в англійській мові |
| 260 ## - PUBLICATION, DISTRIBUTION, ETC. (IMPRINT) | |
| Place of publication, distribution, etc | Острог |
| Name of publisher, distributor, etc | КАФ |
| Date of publication, distribution, etc | 2003 |
| 300 ## - PHYSICAL DESCRIPTION | |
| Extent | 77 |
| 520 ## - SUMMARY, ETC. | |
| Summary, etc | Розділ 1. Прагматична спрямованість запозичень та їх класифікація в англійській мові<br/>1.1. Запозичення як один з шляхів збагачення мови<br/>1.2. Причини запозичень <br/>1.3. Вплив ранніх французьких запозичень на словниковий склад мови<br/>1.4. Лексична асиміляція запозичень<br/>1.5. Французькі пізні запозичення<br/>1.6. Сучасні французькі запозичення в англійській мові <br/>Розділ 2. Дослідження французьких слів-запозичень за їх семантичними та морфологічними ознаками на прикладі англомовної преси<br/>2.1. Аналіз французьких слів-запозичень за їх семантичними характеристиками<br/>2.2. Класифікація французьких запозичень за їх морфологічними ознаками<br/>Розділ 3. Лексико-семантичне поле французьких запозичень<br/>3.1. Семантичне поле як засіб семантичного групування лексики<br/>3.2. Лексико-семантичне поле французьких запозичень в англійській мові |
| -- | Лексикологія, запозичення |
| 650 ## - SUBJECT ADDED ENTRY--TOPICAL TERM | |
| Topical term or geographic name as entry element | Research Papers |
| 942 ## - ADDED ENTRY ELEMENTS (KOHA) | |
| Koha item type | Книги |
| Withdrawn status | Lost status | Source of classification or shelving scheme | Damaged status | Not for loan | Home library | Current library | Date acquired | Source of acquisition | Coded location qualifier | Cost, normal purchase price | Total Checkouts | Full call number | Barcode | Date last seen | Price effective from | Koha item type |
|---|---|---|---|---|---|---|---|---|---|---|---|---|---|---|---|---|
| Universal Decimal Classification | ВІЛ - Відділ іноземн. літератури НБ | ВІЛ - Відділ іноземн. літератури НБ | 08/08/2005 | Акт 03\01 | В21 | 1.00 | 09 | 208815 | 20/12/2021 | 01/09/2003 | Книги |